• 首页
  • 本馆介绍
  • 公告通知
  • 最新文献
  • 馆藏检索
  • 电子资源
  • 读者导购
  • 参考咨询
  • 我的图书馆
  • 登录
  • 详细信息显示
  • 放入我的书架
  • 预约/预借图书
  • 作者相关作品
  • 分类相关作品
  • 丛书相关作品
  • 出版社相关作品

书目信息

  • 表格格式
  • 工作单格式
  • 卡片格式
题名:
南海安全战略与强化海洋行政管理
    
 
作者: 安应民 著
分册:  
出版信息: 北京   中国经济出版社  2012
页数: 259页
开本: 24cm
丛书名:
单 册:
中图分类: P722.7
科图分类:
主题词:
电子资源:
ISBN: 978-7-5136-0842-8
000 01484nam0 22002891 450
001 0120082140
005 20170320085724.09
010    @a978-7-5136-0842-8@dCNY35.00
100    @a20120621d2012 em y0chiy50 ea
101 0  @achi
102    @aCN@b110000
105    @ay z 000yy
106    @ar
200 1  @a南海安全战略与强化海洋行政管理@9nan hai an quan zhan lue yu qiang hua hai yang hang zheng guan li@dSecurity strategy in the South China Sea and strengthen the administrative management of marine@f安应民等著@zeng
210    @a北京@c中国经济出版社@d2012
215    @a259页@d24cm
300    @a国家社会科学基金项目研究成果
300    @a海南大学“211工程”重点学科建设项目成果之一
304    @a著者还有:沈德理,江红义,于营,张晶,张礼祥,吴朝阳
330    @a本书重点探讨了七个方面的问题:一是南海问题形成的主要原因、发展趋势和各方主张;二是中国拥有南海主权的基本依据,包括法理依据、历史依据和现实依据;三是关于解决南海安全问题的海洋战略和主权维护策略;四是关于强化南海海洋行政管理的基本对策;五是关于南海能源安全问题及其战略对策选择;六是南海海上航行安全问题及其战略对策;七是南海争议海区油气资源开发策略。
510 1  @aSecurity strategy in the South China Sea and strengthen the administrative management of marine@zeng
607    @a南海@Anan hai@x安全管理@x国家战略@x研究
607    @a南海@Anan hai@x行政管理@x研究
690    @aP722.7@v5
701  0 @a安应民@9an ying min@f(1952.8~)@4著
801  0 @aCN@bTANGWEI@c20170308
905    @b0956496-9@dP722.7@e69@f4
    
    南海安全战略与强化海洋行政管理=Security strategy in the South China Sea and strengthen the administrative management of marine/安应民等著.-北京:中国经济出版社,2012
    259页;24cm
    国家社会科学基金项目研究成果.-海南大学“211工程”重点学科建设项目成果之一
    
    ISBN 978-7-5136-0842-8:CNY35.00
    本书重点探讨了七个方面的问题:一是南海问题形成的主要原因、发展趋势和各方主张;二是中国拥有南海主权的基本依据,包括法理依据、历史依据和现实依据;三是关于解决南海安全问题的海洋战略和主权维护策略;四是关于强化南海海洋行政管理的基本对策;五是关于南海能源安全问题及其战略对策选择;六是南海海上航行安全问题及其战略对策;七是南海争议海区油气资源开发策略。
●
相关链接 在E读中查询图书 在五车中查询图书 在当当中查询图书 在豆瓣中查询图书


正题名:南海安全战略与强化海洋行政管理     索取号:P722.7/69         预约/预借

序号 登录号 条形码 馆藏地/架位号 状态 备注
1 0956496   209564960   第二样本阅览室/ [索取号:P722.7/69] 在馆    
2 0956497   209564979   第三借阅区/ [索取号:P722.7/69] 在馆    
3 0956498   209564988   第三借阅区/ [索取号:P722.7/69] 在馆    
4 0956499   209564997   第三借阅区/ [索取号:P722.7/69] 在馆    
唐山师范学院图书馆 欢迎您!
大连网信软件有限公司© 版权所有